My Dog Holding Country Flags - Statistics

General Stats
  • This quiz has been taken 32 times
  • The average score is 11 of 12
Answer Stats
Picture Answer % Correct
Germany
100%
Japan
100%
Spain
100%
France
96%
Morocco
96%
Portugal
96%
Uruguay
96%
Belgium
92%
United States
92%
Costa Rica
88%
Ecuador
88%
Senegal
85%
No matching quizzes found
Score Distribution
Percent of People with Each Score
Percentile by Number Answered
Your Score History
You have not taken this quiz